| 000 | 00959nam a22002897a 4500 | ||
|---|---|---|---|
| 001 | 3262 | ||
| 003 | FISKH | ||
| 005 | 20250710105406.0 | ||
| 008 | 240222b cb ||||| |||| 00| 0 eng d | ||
| 020 | _a0679863737 | ||
| 040 |
_aFISKH _beng _cFISKH _dFISKH |
||
| 050 | _aPZ7.O81167 | ||
| 082 | _a813.54 | ||
| 100 | _aOsborne, Mary Pope | ||
| 245 |
_aSunset of the sabertooth / _cby Osborne, Mary Pope |
||
| 260 |
_aNew York : _bRandom House , _c1996 |
||
| 300 |
_a67 pages : _billustrations ; _c20 cm . |
||
| 490 |
_a Magic Tree House _vBook 7 |
||
| 505 | _aK | ||
| 520 | _aThe magic tree house transports Jack and Annie on a mission to the Ice Age where they encounter Cro-Magnons, cave bears, sabertooth tigers, and woolly mammoths. | ||
| 521 | 8 |
_a520
_bLexile |
|
| 521 | 8 |
_aK
_bRaz-Plus |
|
| 600 |
_2magic tree house _vfiction |
||
| 650 |
_amagic _vfiction |
||
| 700 |
_aMurdocca , Sal _eillustrator |
||
| 942 |
_2ddc _cBK _n0 |
||
| 999 |
_c3262 _d3262 |
||